000 00712nam a22001937a 4500
003 OSt
005 20201016133952.0
008 201007b 2004 00| 0 eng d
020 _a9993448176
040 _aDO-SdBNP
_bspa
_cBNPHU
110 1 _aRepública Dominicana.
_b[ Leyes, etc.]
_911088
245 1 0 _aCódigo procesal penal y normas complementarias /
_cedición, recopilación, referencias, presentación, guía conceptual e índice de materias por Guillermo Moreno.
260 _aSanto Domingo :
_bUniversidad Iberoamericana (UNIBE),
_c2004.
300 _axxxv, 598 p.
_c22 cm.
490 1 _aTextos jurídicos.
700 1 _aMoreno, Guillermo,
_931108
830 0 _aTextos jurídicos.
_976794
942 _2ddc
_cLF1
999 _c48838
_d48838